| 000 | 00773nam a2200289Ia 4500 | ||
|---|---|---|---|
| 008 | 171120s9999 xx 000 0 und d | ||
| 020 | _a818907703 | ||
| 050 | _a248.4 | ||
| 050 | _bD372 1997 | ||
| 100 | _aDemaray, Donald E. | ||
| 245 | 4 | _aThe practice of the presence of God : | |
| 245 | _bbrother Lawrence of the resurrection / | ||
| 245 | _cby Donald E. Demaray. | ||
| 260 | _aUSA : | ||
| 260 | _bAlba House, | ||
| 260 | _c1997 | ||
| 300 | _a69 pages : | ||
| 300 | _billustrations ; | ||
| 300 | _c17cm. | ||
| 650 | _aChristian life -- | ||
| 650 | _aChristian life -- | ||
| 650 | _aSpiritual life -- | ||
| 650 | _xCatholic authors. | ||
| 650 | _xCatholic church -- Early work to 1800. | ||
| 650 | _xQuotations, maxims, etc. | ||
| 700 | _aTitle. | ||
| 999 |
_c345450 _d345450 |
||